Observation of retaining wall movements associated with large excavation. Building Research Station Current Paper 8/72 (Record no. 98131)

MARC details
000 -LEADER
fixed length control field 00541cam a2200181 4500
001 - CONTROL NUMBER
control field D10323
008 - FIXED-LENGTH DATA ELEMENTS--GENERAL INFORMATION
fixed length control field 090401t xxu||||| |||| 00| 0 eng d
035 ## - SYSTEM CONTROL NUMBER
System control number (Sirsi) u94698
041 ## - LANGUAGE CODE
Language code of text/sound track or separate title eng
050 ## - LIBRARY OF CONGRESS CALL NUMBER
Classification number 624.176
100 ## - MAIN ENTRY--PERSONAL NAME
Personal name Burland, J.B.
245 ## - TITLE STATEMENT
Title Observation of retaining wall movements associated with large excavation. Building Research Station Current Paper 8/72
350 ## - PRICE (NR) (BK AM CF MU VM SE) [OBSOLETE]
Price 0
520 ## - SUMMARY, ETC.
Summary, etc. In RICS Land surveyors` information package 4: deformation measurements
700 ## - ADDED ENTRY--PERSONAL NAME
Personal name Cole, K.W.
942 ## - ADDED ENTRY ELEMENTS (KOHA)
Suppress in OPAC 0
948 ## - LOCAL PROCESSING INFORMATION (OCLC); SERIES PART DESIGNATOR (RLIN)
c (OCLC) 04/03/1997
Holdings
Withdrawn status Lost status Source of classification or shelving scheme Damaged status Not for loan Home library Current library Shelving location Date acquired Total Checkouts Full call number Barcode Date last seen Copy number Price effective from Koha item type
    Other/Generic Classification Scheme     London London Folio 09/04/2001   F624.176 94698-1001 06/08/2019 1 06/08/2019 Reference material